Jessie's charaters - Statistics

General Stats
  • This quiz has been taken 1,091 times
  • The average score is 6 of 10
Answer Stats
Hint Answer % Correct
nanny Jessie
100%
name of oldest girl Emma
90%
name of other son Luke
90%
youngest girl Zuri
88%
door man tony
66%
kids mom christina
44%
kids dad morgan
37%
lizard kipling
32%
butler Burtram
19%
name of Indian son rovi
17%
No matching quizzes found
Score Distribution
Percent of People with Each Score
Percentile by Number Answered
Your Score History
You have not taken this quiz